Стратегический менеджмент в инновационных организациях. Системный анализ и принятие решений: учебник для вузов

Detalhes bibliográficos
Autor principal: Андрейчиков А. В. Александр Валентинович
Outros Autores: Андрейчикова О. Н. Ольга Николаевна
Resumo:В учебнике изложены основы стратегического инновационного менеджмента и маркетинга в инновационных организациях, математические методы теории принятия стратегических решений, модели многокритериального принятия решений. Учебник написан на основе преподавания изложенного в нем материала в Российском государственном университете инновационных технологий и предпринимательства, Московском государственном университете путей сообщения, Московском физико-техническом институте. Учебник предназначен для использования в университетском политехническом и экономическом образовательных процессах в высших учебных заведениях для студентов, обучающихся по направлениям «Инноватика», «Прикладная информатика», «Прикладные математика и физика» и специальностям «Управление инновациями», «Управление качеством» и др.
Idioma:russo
Publicado em: Москва, Вузовский учебник, 2013
Colecção:Вузовский учебник
Assuntos:
Formato: MixedMaterials Livro
KOHA link:https://koha.lib.tpu.ru/cgi-bin/koha/opac-detail.pl?biblionumber=221546

MARC

LEADER 00000nam0a2200000 4500
001 221546
005 20231101230417.0
010 |a 9785955802251 
010 |a 978-5-16-005031-7 
035 |a (RuTPU)RU\TPU\book\241720 
090 |a 221546 
100 |a 20120912d2013 m y0rusy50 ca 
101 0 |a rus 
102 |a RU 
105 |a a j 001zy 
200 1 |a Стратегический менеджмент в инновационных организациях. Системный анализ и принятие решений  |e учебник для вузов  |f А. В. Андрейчиков, О. Н. Андрейчикова 
210 |a Москва  |c Вузовский учебник  |c Инфра-М  |d 2013 
215 |a 395 с.  |c ил. 
225 1 |a Вузовский учебник 
320 |a Библиография в конце глав. 
330 |a В учебнике изложены основы стратегического инновационного менеджмента и маркетинга в инновационных организациях, математические методы теории принятия стратегических решений, модели многокритериального принятия решений. Учебник написан на основе преподавания изложенного в нем материала в Российском государственном университете инновационных технологий и предпринимательства, Московском государственном университете путей сообщения, Московском физико-техническом институте. Учебник предназначен для использования в университетском политехническом и экономическом образовательных процессах в высших учебных заведениях для студентов, обучающихся по направлениям «Инноватика», «Прикладная информатика», «Прикладные математика и физика» и специальностям «Управление инновациями», «Управление качеством» и др. 
606 1 |a Инновационный менеджмент  |2 stltpush  |3 (RuTPU)RU\TPU\subj\12654  |9 39407 
610 1 |a инновации 
610 1 |a инновационная организация 
610 1 |a стратегические решения 
610 1 |a стратегический менеджмент 
610 1 |a стратегический маркетинг 
610 1 |a конкуренция 
610 1 |a конкурентное преимущество 
610 1 |a НИОКР 
610 1 |a инновационные проекты 
610 1 |a инновационная деятельность 
610 1 |a принятие решений 
610 1 |a новые производства 
610 1 |a учебники 
686 |a У9(2)0-551я73  |v LBC/SL-A  |2 rubbk 
700 1 |a Андрейчиков  |b А. В.  |g Александр Валентинович 
701 1 |a Андрейчикова  |b О. Н.  |g Ольга Николаевна 
801 1 |a RU  |b 63413507  |c 20120912 
801 2 |a RU  |b 63413507  |c 20150514  |g RCR 
900 |a Стратегический и инновационный менеджмент 
942 |c BK 
951 |b 222000 
959 |a 114/20120911  |d 2  |e 329,90  |f ЧЗГЛ:1  |f АНЛ:1